Sports Quiz

Random Sports or Football Quiz

Nebraska Football Opponents Quiz Stats

 Plays Quiz not verified by Sporcle

Score 0/144 Timer 20:00
0 Plays Today
Last meeting Teams % Correct
2010Texas
95.6%
2009Oklahoma
94.3%
2016Iowa
93.9%
2010Kansas
92.7%
2013Michigan
91.4%
2010Iowa State
90.9%
2010Kansas State
90.7%
1996Florida
90.6%
2010Colorado
90.4%
1978Alabama
90%
2010Oklahoma State
89.3%
2015Michigan State
88.9%
2016Ohio State
88.8%
2010Texas A&M
88.7%
2014Southern Cal
88.5%
2009Texas Tech
88.2%
1994Florida State
88.1%
2011Washington
88.1%
1926Washington (Missouri)
88.1%
2015Miami
87.1%
2016Oregon
85.7%
2010Missouri
85.5%
2015UCLA
85.5%
2009Arizona
85.1%
2013Penn State
85%
2016Minnesota
84.2%
2016Tennessee
84%
2002Arizona State
83.4%
1995Washington State
82.9%
2009Baylor
82.9%
1999California
82.7%
1990Oregon State
82.6%
1987Louisiana State
82.5%
2016Indiana
82.1%
2016Illinois
81.8%
2013Georgia
81.4%
1965Arkansas
81.2%
2016Wisconsin
81.2%
1977North Carolina
78.4%
2016Maryland
77.9%
2002Mississippi
77.5%
1996Colorado State
77%
2007Auburn
76.3%
2011South Carolina
75.7%
2016Wyoming
75.5%
2001Notre Dame
75.3%
2016Northwestern
74.7%
1992Utah
74.3%
Last meeting Teams % Correct
2008Virginia Tech
74.3%
1941Stanford
72.2%
1964South Dakota
72.1%
1991Georgia Tech
71.9%
2016Purdue
71.3%
2001Texas Christian
70.4%
1980Mississippi State
70.2%
2009Clemson
69.9%
2010Idaho
69.3%
1985New Mexico
68.1%
2015Brigham Young
67.8%
1965Air Force
67.3%
1972Army
66.7%
1994West Virginia
66.3%
2005Pittsburgh
66.2%
1973North Carolina State
64.7%
2013South Dakota State
64.5%
2015Rutgers
63.9%
2003Utah State
63.9%
2008New Mexico State
63.8%
1961North Dakota
63.2%
2007Nevada
63%
1984Syracuse
63%
1955Duke
59.8%
2012Arkansas State
58.3%
1931Southern Methodist
57.4%
1997Central Florida
54.9%
1988Nevada-Las Vegas
54.6%
1997Akron
53.8%
1982Hawaii
53.8%
1980Houston
53.3%
2016Fresno State
52.5%
2015Southern Mississippi
52.5%
2007Wake Forest
50.5%
2008Western Michigan
49.8%
2001Rice
47%
2014Florida Atlantic
46.7%
2012Idaho State
46.6%
2006Louisiana Tech
45.4%
2010Western Kentucky
43.1%
2007Ball State
42.5%
2006Troy
42.4%
1990Northern Illinois
42%
2008San Jose State
40.8%
2005Maine
39.9%
2015South Alabama
39.7%
2009Louisiana-Lafayette
38.4%
1906Creighton
38.2%
Last meeting Teams % Correct
1993North Texas
37.9%
1930Montana State
36.1%
1906Cincinnati
35.8%
1998Alabama-Birmingham
34.4%
1995Pacific
29.2%
1926Drake
24.9%
1912Doane
24.7%
1906Chicago
24.6%
1992Middle Tennessee State
24.4%
1911Kearney Normal
23.3%
2004Western Illinois
22.2%
1894Omaha YMCA
21.2%
1910Denver
17.7%
1907Saint Louis
17%
2014McNeese State
16.4%
1898Hastings
15.1%
2011Tennessee-Chattanooga
14.5%
2006Nicholls State
14.4%
1921Nebraska Wesleyan
13.3%
1927New York University
13.2%
1905Lincoln High
13.1%
1910Peru
12.1%
1921Haskell
7.6%
1927Grinnell
7.4%
1942Iowa Pre-Flight
7.2%
1924Colgate
6.7%
1920Washburn
6.7%
1905Grand Island
6.3%
1912Adrian
6.1%
1908Carlisle
6%
1912Bellevue
5.7%
1900Kansas City Medics
5.7%
1893Baker
5.6%
1914Morningside
5.2%
1896Butte
4.6%
1918Omaha Balloon
4.6%
1900Tarkio
4.5%
1900Alumni
4.4%
1898Denver Athletic Club
3.9%
1909Knox
3.6%
1894Ottawa (Kansas)
3.6%
1908Wabash
3.4%
1898William Jewell
3.4%
1918Camp Dodge
2.7%
1904Lincoln Medics
2.7%
1901Kirksville Osteopaths
2.7%
1895Sioux City Athletic Club
2.5%
1895Omaha University Club
2.4%

You're not logged in!

Compare scores with friends on all Sporcle quizzes.
OR
Log In

Show Comments

Extras

Top Quizzes Today


Score Distribution

Your Account Isn't Verified!

In order to create a playlist on Sporcle, you need to verify the email address you used during registration. Go to your Sporcle Settings to finish the process.

Report this User

Report this user for behavior that violates our Community Guidelines.

Details: